00389nam a2200121 i 4500001000300000100003400003245005400037260002100091040000800112041000800120008004100128856009800169bg1 aIngarden, Romand(1893-1970). 0aWykłady i dyskusje z estetyki /cRoman Ingardan. aWarszawa,c1981. cBPK apol s pl f |000 0 pol  uhttp://koha.tu.koszalin.pl/cgi-bin/koha/opac-detail.pl?biblionumber=19951yKatalog online BPK